=LDR 00000nam 2200000 4500 =001 INLIS000000000057009 =005 20201125111608 =035 ##$$a 0010-1120000080 =007 ta =008 201125################g##########0#ind## =020 ##$$a 979-416-251-5 =082 ##$$a 364.16 =084 ##$$a 364.16 MEL m =100 1#$$a Meliala, Adrianus =245 1#$$a Menyingkap kejahatan krah putih /$c Adrianus Meliala =250 ##$$a cet.1 =260 ##$$a Jakarta :$b Pustaka sinar harapan,$c 1993 =300 ##$$a 190 hlm. ; $c 21x14 cm =600 #4$$a Kejahatan krah putih =990 ##$$a 20603808